[Event "New York op"]
[Site "New York USA"]
[Date "1989.??.??"]
[Round "3"]
[White "Nickoloff, Bryon"]
[Black "Hulak, Krunoslav"]
[Result "1-0"]
[WhiteElo "2420"]
[BlackElo "2515"]
[PlyCount "125"]
[EventDate "1989.03.23"]
[EventType "swiss"]
[EventRounds "9"]
[EventCountry "USA"]

1. d4 Nf6 2. c4 e6 3. Nf3 c5 4. d5 exd5 5. cxd5 d6 6. Nc3 g6 7. Nd2 Nbd7 8. e4
Bg7 9. Be2 O-O 10. O-O Re8 11. a4 Ne5 12. Qc2 g5 13. Nc4 Nxc4 14. Bxc4 Ng4 15.
Ne2 Qf6 16. Ng3 Qg6 17. Be2 Be5 18. Bxg4 Bxg4 19. f4 gxf4 20. Bxf4 Bd4+ 21. Kh1
Re7 22. Ra3 Kh8 23. Qd2 Rg8 24. b4 b6 25. a5 Bd7 26. axb6 axb6 27. bxc5 bxc5
28. Ra6 Be5 29. Rb6 Rc8 30. Bxe5+ Rxe5 31. Qf4 c4 32. Rb7 Be8 33. Nf5 Qf6 34.
Qc1 c3 35. Rb6 Rxf5 36. exf5 c2 37. Rb2 Ba4 38. Rb4 Bd7 39. Rb2 Qc3 40. f6 Bf5
41. Qh6 Rg8 42. Rb8 Bc8 43. Qc1 Qd3 44. Re1 Qc4 45. Qd2 Qc7 46. Ra8 Qb7 47.
Rea1 Qb1+ 48. Qc1 Qxc1+ 49. Rxc1 Bf5 50. Rxg8+ Kxg8 51. g4 Be4+ 52. Kg1 h6 53.
h4 Kh7 54. h5 Bf3 55. Rxc2 Bxg4 56. Rg2 Bxh5 57. Rg7+ Kh8 58. Kf2 Bg6 59. Ke3
Bh5 60. Ke4 Bg6+ 61. Kf4 h5 62. Kg5 Be4 63. Kh6 1-0

[Event "New York op"]
[Site "New York USA"]
[Date "1989.??.??"]
[Round "5"]
[White "Wedberg, Tom"]
[Black "Nickoloff, Bryon"]
[Result "1/2-1/2"]
[WhiteElo "2510"]
[BlackElo "2420"]
[PlyCount "69"]
[EventDate "1989.03.23"]
[EventType "swiss"]
[EventRounds "9"]
[EventCountry "USA"]

1. e4 e5 2. Nf3 Nc6 3. Bb5 a6 4. Ba4 Nf6 5. O-O Be7 6. Re1 b5 7. Bb3 d6 8. c3
O-O 9. h3 Nd7 10. d4 Bf6 11. Be3 Na5 12. Bc2 Nc4 13. Bc1 exd4 14. Nxd4 c5 15.
Nf5 Ndb6 16. Ne3 Re8 17. Nxc4 Nxc4 18. Nd2 Nxd2 19. Bxd2 Bb7 20. Qg4 Re6 21.
Re2 Qc7 22. Rae1 Rae8 23. h4 Bc8 24. Qg3 Qd8 25. h5 Re5 26. h6 g6 27. Bf4 R5e6
28. Rd1 d5 29. Red2 d4 30. cxd4 cxd4 31. Be3 Be5 32. Bf4 Bf6 33. Be3 Be5 34.
Bf4 Bf6 35. Be3 1/2-1/2

[Event "New York op"]
[Site "New York USA"]
[Date "1989.??.??"]
[Round "6"]
[White "Nickoloff, Bryon"]
[Black "Rivas Pastor, Manuel"]
[Result "0-1"]
[WhiteElo "2420"]
[BlackElo "2505"]
[PlyCount "80"]
[EventDate "1989.03.23"]
[EventType "swiss"]
[EventRounds "9"]
[EventCountry "USA"]

1. d4 Nf6 2. c4 e6 3. Nf3 b6 4. g3 Ba6 5. b3 b5 6. cxb5 Bxb5 7. Nc3 Bb4 8. Bd2
Bxc3 9. Bxc3 Bc6 10. Bg2 a5 11. O-O O-O 12. Rc1 Qc8 13. Qc2 Be4 14. Qb2 Nd5 15.
Ne5 Bxg2 16. Kxg2 Qb7 17. Kg1 f5 18. Qd2 d6 19. Nd3 Nc6 20. Rfe1 a4 21. b4 a3
22. Rb1 Na7 23. Ba1 Nb5 24. f3 Rf7 25. e4 fxe4 26. fxe4 Nf6 27. Qe3 Raf8 28.
Re2 Qb6 29. Kg2 h5 30. h3 h4 31. Nf4 d5 32. Ng6 Nxe4 33. Nxf8 Rxf8 34. gxh4
Nbd6 35. Rf1 Nf5 36. Qf4 Rf6 37. Rxe4 dxe4 38. Qxe4 Qxb4 39. Rf2 Qd6 40. Rf3
Rg6+ 0-1

[Event "Croatia int."]
[Site "Mississauga CAN"]
[Date "1989.??.??"]
[Round "1"]
[White "Nickoloff, Bryon"]
[Black "Kovacevic, Vlatko"]
[Result "1/2-1/2"]
[WhiteElo "2420"]
[BlackElo "2545"]
[PlyCount "157"]
[EventDate "1989.03.??"]
[EventType "tourn"]
[EventRounds "11"]
[EventCountry "CAN"]
[EventCategory "8"]

1. d4 Nf6 2. c4 e6 3. Nf3 d5 4. Nc3 Bb4 5. Bg5 Nbd7 6. cxd5 exd5 7. e3 c5 8.
Qc2 Qa5 9. Bd3 c4 10. Bf5 O-O 11. O-O Re8 12. Nd2 g6 13. Bxd7 Nxd7 14. Bh4 Nb6
15. e4 Bxc3 16. bxc3 Qa4 17. Qb1 Bd7 18. f4 Qa3 19. Rf3 dxe4 20. Nxe4 Rxe4 21.
Qxe4 Bc6 22. Qe2 Re8 23. Qf2 Bxf3 24. Qxf3 Qa5 25. Qxb7 Qxc3 26. Rf1 Qxd4+ 27.
Bf2 Qd7 28. Qxd7 Nxd7 29. Rc1 Re4 30. Bxa7 Rxf4 31. a4 c3 32. a5 Ra4 33. Rxc3
Rxa5 34. Bd4 f6 35. Kf2 h5 36. Rc7 Rd5 37. Ke3 Kf7 38. Ke4 Rd6 39. Ra7 Ke6 40.
Ra8 Rc6 41. Re8+ Kf7 42. Rd8 Re6+ 43. Kf3 Rd6 44. Ke3 Ke6 45. Re8+ Kf5 46. Ra8
g5 47. Ra5+ Kg4 48. Ra4 f5 49. Kf2 f4 50. h3+ Kf5 51. g3 Ne5 52. Bxe5 Kxe5 53.
gxf4+ gxf4 54. Ra8 Rd2+ 55. Kf3 Rd3+ 56. Kf2 Rxh3 57. Re8+ Kf5 58. Rf8+ Kg4 59.
Rg8+ Kh4 60. Rf8 Rg3 61. Rxf4+ Kh3 62. Kf1 h4 63. Rf2 Rg7 64. Rf4 Kg3 65. Ra4
Rb7 66. Ra3+ Kh2 67. Ra2+ Kh1 68. Ra8 Rf7+ 69. Ke2 h3 70. Rh8 h2 71. Rh6 Rf5
72. Rg6 Ra5 73. Kf1 Ra1+ 74. Kf2 Rg1 75. Ra6 Rg2+ 76. Kf3 Rg5 77. Ra2 Rf5+ 78.
Kg3 Rg5+ 79. Kh3 1/2-1/2

[Event "Croatia int."]
[Site "Mississauga CAN"]
[Date "1989.??.??"]
[Round "2"]
[White "Stone, Raymond"]
[Black "Nickoloff, Bryon"]
[Result "1/2-1/2"]
[WhiteElo "2345"]
[BlackElo "2420"]
[PlyCount "59"]
[EventDate "1989.03.??"]
[EventType "tourn"]
[EventRounds "11"]
[EventCountry "CAN"]
[EventCategory "8"]

1. d4 Nf6 2. c4 e6 3. Nf3 b6 4. Nc3 Bb4 5. Bg5 h6 6. Bh4 Bb7 7. e3 Bxc3+ 8.
bxc3 d6 9. Nd2 Qe7 10. f3 e5 11. e4 Nbd7 12. Qa4 O-O 13. Be2 Qe8 14. O-O-O Nh5
15. Rhe1 Nf4 16. Bf1 Nc5 17. Qxe8 Ncd3+ 18. Kb1 Raxe8 19. Re3 Ng6 20. Bg3 Ndf4
21. c5 dxc5 22. dxc5 Rd8 23. Kc2 Bc6 24. Nb3 Rxd1 25. Kxd1 Ba4 26. Bf2 Ne6 27.
cxb6 axb6 28. Kc2 Ra8 29. Re1 Bb5 30. Nc1 1/2-1/2

[Event "Croatia int."]
[Site "Mississauga CAN"]
[Date "1989.??.??"]
[Round "4"]
[White "Day, Lawrence"]
[Black "Nickoloff, Bryon"]
[Result "1/2-1/2"]
[WhiteElo "2380"]
[BlackElo "2420"]
[PlyCount "36"]
[EventDate "1989.03.??"]
[EventType "tourn"]
[EventRounds "11"]
[EventCountry "CAN"]
[EventCategory "8"]
[Source "ChessBase"]
[SourceDate "1996.11.15"]

1. d4 Nf6 2. Nc3 d5 3. Bg5 Nbd7 4. e3 e6 5. a3 c5 6. Bb5 Be7 7. Bxf6 Bxf6 8. f4
Qb6 9. Nf3 O-O 10. Rb1 Nb8 11. Bf1 Bd7 12. Qd2 Rc8 13. g4 cxd4 14. exd4 Nc6 15.
Ne2 Be7 16. Nc3 Bf6 17. Ne2 Be7 18. Nc3 Bf6 1/2-1/2

[Event "Croatia int."]
[Site "Mississauga CAN"]
[Date "1989.??.??"]
[Round "6"]
[White "Norwood, David"]
[Black "Nickoloff, Bryon"]
[Result "0-1"]
[WhiteElo "2430"]
[BlackElo "2420"]
[PlyCount "94"]
[EventDate "1989.03.??"]
[EventType "tourn"]
[EventRounds "11"]
[EventCountry "CAN"]
[EventCategory "8"]

1. Nf3 Nf6 2. g3 d5 3. Bg2 c6 4. O-O Bf5 5. d3 e6 6. Nbd2 Be7 7. e3 h6 8. Qe2
O-O 9. Kh1 Bh7 10. e4 Re8 11. b3 a5 12. a4 Na6 13. Bb2 Nb4 14. Ne1 b5 15. f4
bxa4 16. Rxa4 Nd7 17. c3 Na6 18. Nef3 Nac5 19. Raa1 Qb6 20. Ba3 Bf6 21. Ne5
Bxe5 22. fxe5 Nxb3 23. Rab1 a4 24. Bd6 Ra7 25. exd5 cxd5 26. c4 dxc4 27. Nxc4
Qd4 28. Rbc1 Ndc5 29. Rf4 Bxd3 30. Qf3 Qc3 31. Qc6 Nd7 32. Na3 Rc8 33. Qxc3
Rxc3 34. Bb4 Be2 35. Bxc3 Bd1 36. Rc4 Ndc5 37. Bd4 Nxd4 38. Rxd4 Bb3 39. Bc6 g5
40. h4 Kg7 41. Nb5 Ra6 42. Bf3 a3 43. Nxa3 Rxa3 44. Rg4 Ra4 45. hxg5 Rxg4 46.
gxh6+ Kxh6 47. Bxg4 Nd7 0-1

[Event "Croatia int."]
[Site "Mississauga CAN"]
[Date "1989.??.??"]
[Round "7"]
[White "Nickoloff, Bryon"]
[Black "Vranesic, Zvonko"]
[Result "1-0"]
[WhiteElo "2420"]
[BlackElo "2365"]
[PlyCount "123"]
[EventDate "1989.03.??"]
[EventType "tourn"]
[EventRounds "11"]
[EventCountry "CAN"]
[EventCategory "8"]

1. c4 e5 2. Nc3 Nc6 3. e3 Nf6 4. Nf3 d6 5. d4 g6 6. d5 Ne7 7. c5 Bg7 8. Bb5+
Bd7 9. Bxd7+ Qxd7 10. e4 O-O 11. O-O Ne8 12. Qb3 b6 13. cxb6 axb6 14. Qc4 h6
15. Ne1 f5 16. f3 Kh7 17. a4 Nf6 18. Nd3 f4 19. Nf2 Rfc8 20. Qd3 Ne8 21. Bd2
Bf6 22. Rfc1 Bh4 23. Nfd1 h5 24. Nb5 Rcb8 25. Rc4 Qxb5 26. axb5 Rxa1 27. Rc1
Rba8 28. Nc3 Rxc1+ 29. Bxc1 Ra1 30. Qc2 Ra5 31. Kf1 Kg7 32. Ke2 Kf7 33. Kd3 Ra7
34. Qb3 Nf6 35. Ke2 Nd7 36. Qc2 Nc5 37. Nb1 Nd7 38. Na3 Nc5 39. Bd2 Nd7 40. Bb4
Nc8 41. Kd3 Nf8 42. Qe2 Ra4 43. Kc3 Ra8 44. Qf1 Ne7 45. Nc2 Nd7 46. Ba3 Ng8 47.
Nb4 Ngf6 48. Na6 Ne8 49. Kd2 Nf8 50. Ke2 Rd8 51. Qc1 Rd7 52. Qc6 Kg8 53. Nb8
Re7 54. Qb7 Kf7 55. Qc8 Bf6 56. Bb4 Bg7 57. Be1 Bf6 58. Bf2 Bg5 59. Nc6 Rd7 60.
Qb8 Bf6 61. b4 Bg5 62. Bxb6 1-0

[Event "Croatia int."]
[Site "Mississauga CAN"]
[Date "1989.??.??"]
[Round "9"]
[White "Findlay, Ian"]
[Black "Nickoloff, Bryon"]
[Result "1-0"]
[WhiteElo "2340"]
[BlackElo "2420"]
[PlyCount "67"]
[EventDate "1989.03.??"]
[EventType "tourn"]
[EventRounds "11"]
[EventCountry "CAN"]
[EventCategory "8"]
[Source "ChessBase"]
[SourceDate "1996.11.15"]

1. e4 c5 2. Nf3 Nc6 3. d4 cxd4 4. Nxd4 Nf6 5. Nc3 d6 6. Bg5 e6 7. Qd2 a6 8.
O-O-O Bd7 9. Be2 Rc8 10. Kb1 h6 11. Be3 b5 12. a3 Be7 13. f4 Qc7 14. g4 b4 15.
axb4 Nxb4 16. g5 hxg5 17. fxg5 Nh7 18. h4 Nf8 19. h5 Rb8 20. g6 fxg6 21. hxg6
Rxh1 22. Rxh1 Bf6 23. Bg5 Bxg5 24. Qxg5 Nd3 25. Bxd3 Qxc3 26. Nb5 Qc5 27. Qxc5
dxc5 28. Nd6+ Ke7 29. e5 Be8 30. Nxe8 Rxe8 31. Rf1 Nd7 32. Rf7+ Kd8 33. Rxg7
Re7 34. Rh7 1-0

[Event "Guelph"]
[Site "Guelph CAN"]
[Date "1989.??.??"]
[Round "?"]
[White "Hodson, Richard"]
[Black "Nickoloff, Bryon"]
[Result "1-0"]
[WhiteElo "2034"]
[BlackElo "2439"]
[PlyCount "119"]
[EventDate "1989.??.??"]
[EventType "tourn"]
[EventCountry "CAN"]

1. e4 c5 2. Nf3 Nc6 3. d4 cxd4 4. Nxd4 Nf6 5. Nc3 d6 6. Bg5 e6 7. Qd2 a6 8.
O-O-O Bd7 9. f4 h6 10. Bh4 g5 11. fxg5 Ng4 12. Nf3 hxg5 13. Bg3 Be7 14. Be2
Nge5 15. Kb1 Rh7 16. h3 Rc8 17. Nxe5 Nxe5 18. Qd4 Qc7 19. Rd2 Qc5 20. Rhd1 Qxd4
21. Rxd4 Bc6 22. a4 f6 23. a5 Bd7 24. Na4 Nc6 25. Rc4 Rd8 26. Nb6 Nxa5 27. Rc7
Bc6 28. Bxd6 Bxe4 29. Bh5+ Rxh5 30. Rxe7+ Kf8 31. Rd7+ Ke8 32. Re7+ Kf8 33.
Rxe6+ Rxd6 34. Rdxd6 Bxg2 35. Rxf6+ Kg7 36. Rg6+ Kf7 37. Rdf6+ Ke7 38. Rf5 Nc6
39. Rfxg5 Rxg5 40. Rxg5 Bxh3 41. Rg7+ Kd6 42. Rxb7 Be6 43. Rg7 Nd4 44. Rg2 Kc6
45. Na4 Bd5 46. Rd2 Nf3 47. Rf2 Kd6 48. Nc3 Bc6 49. Kc1 Ke5 50. Na2 Kf4 51. Re2
Nd4 52. Re7 Be4 53. Rc7 Ke3 54. Re7 Kf4 55. Nb4 a5 56. Nd3+ Kf3 57. Kd2 Bd5 58.
Re5 Be4 59. Rxa5 Bxd3 60. Kxd3 1-0

[Event "Scarborough op"]
[Site "Scarborough CAN"]
[Date "1989.??.??"]
[Round "?"]
[White "Nickoloff, Bryon"]
[Black "Jung, Hans"]
[Result "1/2-1/2"]
[WhiteElo "2410"]
[BlackElo "1857"]
[PlyCount "21"]
[EventDate "1989.??.??"]
[EventType "swiss"]
[EventCountry "CAN"]

1. d4 d6 2. c4 e5 3. Nc3 exd4 4. Qxd4 Nc6 5. Qd2 g6 6. b3 Bg7 7. Bb2 Nf6 8. g3
O-O 9. Bg2 Re8 10. Nf3 Bf5 11. O-O 1/2-1/2

[Event "Olympiad"]
[Site "Thessaloniki GRE"]
[Date "1988.11.13"]
[Round "1"]
[White "Gueye, Gorgui"]
[Black "Nickoloff, Bryon"]
[Result "0-1"]
[WhiteElo "2205"]
[BlackElo "2390"]
[PlyCount "80"]
[EventDate "1988.11.13"]
[EventType "team"]
[EventRounds "14"]
[EventCountry "GRE"]

1. d4 Nf6 2. c4 e6 3. Nc3 Bb4 4. e3 O-O 5. Bd3 c5 6. Nge2 cxd4 7. exd4 d5 8.
cxd5 Qxd5 9. O-O Qh5 10. f3 Rd8 11. Bf4 Nc6 12. Qa4 Qa5 13. Qxa5 Bxa5 14. Rfd1
Bb6 15. Be3 e5 16. Bf2 Nxd4 17. Nxd4 Bxd4 18. Bxd4 Rxd4 19. Nb5 Rb4 20. b3 Bd7
21. Nd6 Be6 22. Rac1 Rd8 23. Bc4 Kf8 24. Bxe6 fxe6 25. Nc4 Rxd1+ 26. Rxd1 Rb5
27. Re1 Nd7 28. f4 exf4 29. Rxe6 Nf6 30. Rd6 Rd5 31. Rxd5 Nxd5 32. Na5 b6 33.
Nc6 a5 34. Kf2 g5 35. g3 fxg3+ 36. Kxg3 Nb4 37. Ne5 Nxa2 38. Nd7+ Kf7 39. Nxb6
Nc1 40. Kg4 Kg6 0-1

[Event "Olympiad"]
[Site "Thessaloniki GRE"]
[Date "1988.11.23"]
[Round "10"]
[White "Nickoloff, Bryon"]
[Black "Ochoa de Echaguen, F Javier"]
[Result "1/2-1/2"]
[WhiteElo "2390"]
[BlackElo "2450"]
[PlyCount "97"]
[EventDate "1988.11.13"]
[EventType "team"]
[EventRounds "14"]
[EventCountry "GRE"]

1. d4 e6 2. c4 Bb4+ 3. Bd2 a5 4. Nf3 d6 5. g3 Nc6 6. Nc3 f5 7. a3 Bxc3 8. Bxc3
Nf6 9. d5 Nb8 10. dxe6 Bxe6 11. Nd4 Bd7 12. b3 Ne4 13. Bb2 O-O 14. Bg2 Qe7 15.
O-O Nc6 16. Nb5 Be8 17. Re1 Kh8 18. Rc1 Bh5 19. Nc3 Rae8 20. Nd5 Qf7 21. b4
axb4 22. axb4 b6 23. f3 Ng5 24. Qd2 Ne6 25. e4 f4 26. c5 bxc5 27. bxc5 Ne5 28.
g4 Bg6 29. Nxc7 Qxc7 30. cxd6 Qb6+ 31. Kh1 Nd7 32. Rb1 Qd8 33. Ba1 h5 34. g5
Nxg5 35. Rg1 Kh7 36. Rb5 Rf7 37. Qd5 Ne6 38. Bh3 Nf6 39. Qc4 Nf8 40. Rxg6 Nxg6
41. Qxf7 Qxd6 42. Rd5 Qe7 43. Qxe7 Rxe7 44. Bxf6 gxf6 45. Rxh5+ Kg8 46. Bf5 Ne5
47. Rh4 Nxf3 48. Rg4+ Rg7 49. Kg2 1/2-1/2

[Event "Olympiad"]
[Site "Thessaloniki GRE"]
[Date "1988.11.25"]
[Round "11"]
[White "Nickoloff, Bryon"]
[Black "Bischoff, Klaus"]
[Result "0-1"]
[WhiteElo "2390"]
[BlackElo "2510"]
[PlyCount "102"]
[EventDate "1988.11.13"]
[EventType "team"]
[EventRounds "14"]
[EventCountry "GRE"]

1. d4 e6 2. c4 f5 3. g3 Nf6 4. Bg2 Be7 5. Nf3 O-O 6. O-O Ne4 7. Qc2 Bf6 8. b3
Nc6 9. Bb2 d6 10. Rd1 a5 11. Nc3 Nxc3 12. Bxc3 Qe7 13. e4 fxe4 14. Qxe4 Bd7 15.
Rd2 g5 16. Rad1 Rad8 17. h4 gxh4 18. Nxh4 Qg7 19. Nf3 Rf7 20. Re1 b6 21. Bh3
Re8 22. Rde2 h5 23. Kh2 Nd8 24. Qd3 Ref8 25. Re4 Bg5 26. Bg2 Bh6 27. R1e2 Rf5
28. d5 e5 29. Be1 Nb7 30. Rh4 Nc5 31. Qc3 R5f7 32. Nxe5 dxe5 33. Qxe5 Qxe5 34.
Rxe5 Bg4 35. Bh3 Nd3 36. Re4 Nxf2 37. Bxg4 Nxe4 38. Be6 Nf6 39. Rd4 Kg7 40.
Bxf7 Rxf7 41. Bc3 Kg6 42. a3 Bf8 43. b4 axb4 44. axb4 Be7 45. Kg2 Nd7 46. Re4
Nf6 47. Re3 b5 48. Bxf6 Bxf6 49. cxb5 Bd4 50. Rd3 Be5 51. Ra3 Rf6 0-1

[Event "Olympiad"]
[Site "Thessaloniki GRE"]
[Date "1988.11.26"]
[Round "12"]
[White "Kassabe, Ezat"]
[Black "Nickoloff, Bryon"]
[Result "1/2-1/2"]
[WhiteElo "2270"]
[BlackElo "2390"]
[PlyCount "86"]
[EventDate "1988.11.13"]
[EventType "team"]
[EventRounds "14"]
[EventCountry "GRE"]

1. c4 c5 2. g3 g6 3. Bg2 Bg7 4. Nc3 Nc6 5. e4 e6 6. a3 Nge7 7. Nge2 O-O 8. Rb1
d6 9. O-O b6 10. d3 Bb7 11. Be3 Nd4 12. Qd2 Nec6 13. f4 Qd7 14. Bf2 Rae8 15. b4
f5 16. Nxd4 Nxd4 17. Be3 Bf6 18. Rfe1 Rd8 19. h3 h5 20. h4 Rfe8 21. Kh2 Bh8 22.
Kh1 Ba8 23. Kh2 Kh7 24. Kh1 Bf6 25. Kh2 Qg7 26. Rec1 Qd7 27. Kh1 Rg8 28. Re1
Rde8 29. Kh2 Qg7 30. Rec1 e5 31. Nd5 Bxd5 32. cxd5 exf4 33. Bxf4 fxe4 34. dxe4
Be5 35. bxc5 bxc5 36. Rf1 Re7 37. a4 Rc8 38. Rfd1 Rf8 39. a5 Ref7 40. Rf1 Qf6
41. Kh3 Qe7 42. a6 Qe8 43. Kh2 Qa4 1/2-1/2

[Event "USA-op"]
[Site "Boston USA"]
[Date "1988.08.??"]
[Round "?"]
[White "Nickoloff, Bryon"]
[Black "Fishbein, Alexander"]
[Result "1-0"]
[WhiteElo "2390"]
[BlackElo "2435"]
[PlyCount "99"]
[EventDate "1988.08.07"]
[EventType "swiss"]
[EventRounds "9"]
[EventCountry "USA"]

1. d4 Nf6 2. c4 c5 3. d5 b5 4. cxb5 a6 5. e3 Bb7 6. Nc3 axb5 7. Bxb5 Qa5 8.
Nge2 Bxd5 9. O-O Bc6 10. Qd3 Bxb5 11. Nxb5 Nc6 12. a4 Nb4 13. Qc4 e6 14. Bd2
Rb8 15. e4 Be7 16. Bf4 Rc8 17. Bd6 Rc6 18. Rfd1 Qa6 19. Bxe7 Kxe7 20. e5 Nfd5
21. Qg4 Kf8 22. Nec3 Qa8 23. Ne4 Qb8 24. Ned6 g6 25. Nc3 Qd8 26. Nce4 f5 27.
exf6 Nxf6 28. Qf4 Kg7 29. Nb7 Qe7 30. Qxf6+ Qxf6 31. Nxf6 Kxf6 32. Rxd7 Ra8 33.
f4 Nd5 34. g3 Rb8 35. a5 Ra8 36. Rxh7 c4 37. Rd7 Ra7 38. Nc5 Rxd7 39. Nxd7+ Ke7
40. Ne5 Rc8 41. Nxg6+ Kd6 42. Ne5 Nb4 43. Rd1+ Kc5 44. Nxc4 Ra8 45. b3 Nd5 46.
Rd3 Kb4 47. f5 Nc7 48. f6 Rf8 49. Rf3 Nd5 50. f7 1-0

[Event "USA-op"]
[Site "Boston USA"]
[Date "1988.08.??"]
[Round "?"]
[White "Nickoloff, Bryon"]
[Black "Wall, Brian"]
[Result "1-0"]
[WhiteElo "2410"]
[BlackElo "2272"]
[PlyCount "143"]
[EventDate "1988.08.07"]
[EventType "swiss"]
[EventRounds "9"]
[EventCountry "USA"]

1. d4 d6 2. c4 Nf6 3. Nc3 g6 4. e4 Bg7 5. Be2 O-O 6. Nf3 e5 7. Be3 Nc6 8. d5
Ne7 9. Nd2 Nd7 10. b4 f5 11. f3 fxe4 12. fxe4 b6 13. Rc1 c5 14. a3 a6 15. Bf3
Kh8 16. O-O Ng8 17. Rb1 Bh6 18. Bf2 Ndf6 19. bxc5 bxc5 20. Nb3 Rb8 21. Qe2 Qc7
22. Rb2 Bd7 23. Rfb1 Rb6 24. Nd1 Rfb8 25. Be1 Qc8 26. Na5 Rxb2 27. Rxb2 Bc1 28.
Ra2 Qc7 29. Qc2 Bg5 30. h3 Ne7 31. Bc3 Rb6 32. Kf2 Kg7 33. Ke2 h5 34. Rb2 Ne8
35. Nf2 Nc8 36. Nd3 Bf6 37. Bd2 Rxb2 38. Qxb2 Nb6 39. Qb1 Nc8 40. Qb7 Qxb7 41.
Nxb7 Nb6 42. Nb2 Na4 43. Nxa4 Bxa4 44. Kd3 Kf7 45. g4 hxg4 46. Bxg4 Be7 47. Bc8
Nf6 48. Ba5 Bd7 49. Bxd7 Nxd7 50. Bc7 Nf6 51. Bxd6 Nd7 52. Bc7 Bh4 53. Na5 Bf2
54. Nc6 Kf6 55. Nb8 Nxb8 56. Bxb8 Bd4 57. Bd6 Kf7 58. Kc2 Ke8 59. Kb3 Kd7 60.
Bf8 Ke8 61. Bg7 Kd7 62. Ka4 Kc7 63. Bf6 Bc3 64. Be7 Kb6 65. Bd8+ Kb7 66. Ba5
Bd4 67. Kb3 Be3 68. Kc2 Bg5 69. Kd3 Kc8 70. Bb6 Be7 71. Ke2 Kd7 72. Kf3 1-0

[Event "USA-op"]
[Site "Boston USA"]
[Date "1988.08.??"]
[Round "?"]
[White "Nickoloff, Bryon"]
[Black "Young, Ronald"]
[Result "1-0"]
[WhiteElo "2390"]
[BlackElo "2315"]
[PlyCount "75"]
[EventDate "1988.08.07"]
[EventType "swiss"]
[EventRounds "9"]
[EventCountry "USA"]

1. d4 e6 2. c4 f5 3. g3 Nf6 4. Bg2 Be7 5. Nf3 O-O 6. O-O d6 7. b3 a5 8. Bb2 Qe8
9. Nc3 c6 10. Re1 Ne4 11. e3 d5 12. Ne5 Nd7 13. Nd3 Nd6 14. c5 Nf7 15. Na4 Bd8
16. f3 Bc7 17. e4 Qd8 18. exd5 exd5 19. Qd2 Nh6 20. Nf4 Nf6 21. Bc3 Bd7 22. Nb2
Nf7 23. Nbd3 Re8 24. Ne5 Be6 25. Qc2 Bd7 26. Re2 b6 27. cxb6 Bxb6 28. Kh1 Qc7
29. Rae1 Rad8 30. Bb2 Nd6 31. Nfd3 Rc8 32. Nc5 f4 33. Ncxd7 Nxd7 34. Bh3 Nxe5
35. dxe5 Nb5 36. Bf5 Ra8 37. Bxh7+ Kh8 38. Qf5 1-0

[Event "World op"]
[Site "Philadelphia USA"]
[Date "1988.06.??"]
[Round "?"]
[White "Nickoloff, Bryon"]
[Black "Friedman, Aviv"]
[Result "1-0"]
[WhiteElo "2390"]
[BlackElo "2300"]
[PlyCount "91"]
[EventDate "1988.06.??"]
[EventType "swiss"]
[EventRounds "9"]
[EventCountry "USA"]

1. d4 f5 2. g3 g6 3. h4 Nf6 4. h5 Nxh5 5. Rxh5 gxh5 6. e4 d6 7. Qxh5+ Kd7 8.
Qxf5+ e6 9. Qb5+ c6 10. Qa4 h5 11. Nf3 Bh6 12. Bxh6 Rxh6 13. c4 Qf8 14. Bg2 Kc7
15. Nc3 Rf6 16. Qa5+ b6 17. Qxh5 Bd7 18. e5 Rf5 19. exd6+ Qxd6 20. Qh6 Na6 21.
Qe3 Raf8 22. O-O-O Qe7 23. Rd2 Qf6 24. Ne5 Rxf2 25. Ne4 Rf1+ 26. Bxf1 Qxf1+ 27.
Rd1 Qg2 28. a3 Be8 29. g4 Qh2 30. Ng5 Rf2 31. Rd2 Rf1+ 32. Kc2 Qh1 33. Nd3 Bg6
34. Qe5+ Kb7 35. Qg7+ Nc7 36. Qxg6 Ra1 37. Qe4 Qb1+ 38. Kc3 Kb8 39. Qxc6 b5 40.
Rf2 Rxa3+ 41. bxa3 Qa1+ 42. Kb4 a5+ 43. Kc5 Qxa3+ 44. Kb6 Na8+ 45. Qxa8+ Kxa8
46. Nc5 1-0

[Event "Labour Day op"]
[Site "Toronto CAN"]
[Date "1987.09.07"]
[Round "5"]
[White "Nickoloff, Bryon"]
[Black "Pacey, Kevin"]
[Result "1-0"]
[WhiteElo "2420"]
[BlackElo "2165"]
[PlyCount "72"]
[EventDate "1987.09.05"]
[EventType "swiss"]
[EventRounds "5"]
[EventCountry "CAN"]

1. d4 Nc6 2. c4 e5 3. Nf3 Bb4+ 4. Nc3 exd4 5. Nxd4 Nf6 6. Bg5 h6 7. Bh4 g5 8.
Bg3 Ne4 9. Rc1 Bxc3+ 10. bxc3 Nxg3 11. hxg3 Ne5 12. e3 d6 13. Be2 g4 14. Rh5
Bd7 15. c5 Qf6 16. cxd6 Qxd6 17. Nb5 Bxb5 18. Bxb5+ Ke7 19. Qd4 f6 20. Be2 c5
21. Qe4 Qc6 22. Qxc6 bxc6 23. f4 gxf3 24. gxf3 c4 25. Rd1 Rab8 26. f4 Nd3+ 27.
Bxd3 cxd3 28. Rxd3 Rb5 29. Rxb5 cxb5 30. Rd5 a6 31. a4 Rb8 32. axb5 axb5 33.
Rh5 Rg8 34. Kf2 Rc8 35. Rxb5 Rxc3 36. Rh5 Ke6 1-0

[Event "Carrousel of the Nations op"]
[Site "Windsor CAN"]
[Date "1987.05.31"]
[Round "5"]
[White "Taylor, Gordon"]
[Black "Nickoloff, Bryon"]
[Result "0-1"]
[WhiteElo "2350"]
[BlackElo "2401"]
[PlyCount "66"]
[EventDate "1987.05.??"]
[EventType "tourn"]
[EventCountry "CAN"]

1. d4 Nf6 2. c4 e6 3. g3 d5 4. Bg2 Be7 5. Nf3 dxc4 6. O-O O-O 7. Qc2 a6 8. a4
Bd7 9. Qxc4 Bc6 10. Nc3 b5 11. Qd3 b4 12. Nb1 Be4 13. Qd1 c5 14. Nbd2 Bd5 15.
dxc5 Nbd7 16. c6 Bxc6 17. Nd4 Bxg2 18. Kxg2 Nc5 19. e3 Rc8 20. Qf3 e5 21. Nc6
e4 22. Nxe7+ Qxe7 23. Qe2 Rfd8 24. b3 Qd7 25. Rb1 Qd3 26. Re1 Nd5 27. Bb2 Nc3
28. Bxc3 bxc3 29. Nc4 c2 30. Rbc1 Nxb3 31. Rxc2 Na5 32. Nxa5 Rxc2 33. Qh5 Qd2
0-1

[Event "Toronto op"]
[Site "Toronto CAN"]
[Date "1987.04.19"]
[Round "5"]
[White "Nickoloff, Bryon"]
[Black "Pacey, Kevin"]
[Result "1/2-1/2"]
[WhiteElo "2401"]
[BlackElo "2225"]
[PlyCount "84"]
[EventDate "1987.04.17"]
[EventType "swiss"]
[EventRounds "6"]
[EventCountry "CAN"]

1. d4 Nf6 2. c4 e6 3. Nf3 Bb4+ 4. Bd2 Bxd2+ 5. Qxd2 O-O 6. Nc3 d6 7. g3 Qe7 8.
Bg2 e5 9. Rd1 Re8 10. O-O c6 11. dxe5 dxe5 12. Qd6 Qf8 13. Rd2 Na6 14. Rfd1 e4
15. Ne1 e3 16. fxe3 Rxe3 17. Nc2 Re8 18. Qxf8+ Kxf8 19. b4 Rb8 20. b5 cxb5 21.
Nxb5 Bg4 22. Ncd4 Ne4 23. Rc2 Nb4 24. Rb2 Nc6 25. Nc7 Nc3 26. Nxe8 Nxd1 27.
Nxc6 Nxb2 28. Nxb8 Kxe8 29. Bxb7 Nxc4 30. Nc6 Bxe2 31. Nxa7 Na5 32. Bd5 Kd7 33.
Kf2 Ba6 34. Bxf7 Kc7 35. a4 Kb6 36. Nb5 Bxb5 37. axb5 Kxb5 38. Ke3 Kc5 39. Ke4
Nc6 40. Kf5 Kd6 41. Ba2 Ne7+ 42. Kg5 Ke5 1/2-1/2

[Event "Toronto Winter Fest"]
[Site "Toronto CAN"]
[Date "1987.01.23"]
[Round "1"]
[White "Pelts, Roman"]
[Black "Nickoloff, Bryon"]
[Result "1-0"]
[WhiteElo "2430"]
[BlackElo "2375"]
[PlyCount "150"]
[EventDate "1987.??.??"]
[EventType "tourn"]
[EventRounds "11"]
[EventCountry "CAN"]

1. Nf3 Nf6 2. c4 e6 3. g3 a6 4. Nc3 d5 5. cxd5 exd5 6. d4 c6 7. Bg2 Be7 8. O-O
O-O 9. Ne5 Nbd7 10. Nd3 Qb6 11. e3 Bd6 12. Kh1 Re8 13. f3 c5 14. dxc5 Nxc5 15.
Nf4 Be6 16. Ncxd5 Nxd5 17. Nxd5 Bxd5 18. Qxd5 Rad8 19. Qc4 Be5 20. f4 Bf6 21.
Bd5 Rd7 22. Rb1 Rde7 23. Bd2 Ne4 24. Bb4 Rc7 25. Qb3 Qb5 26. Rfc1 Rd7 27. Bxe4
Rxe4 28. Bc5 Qxb3 29. axb3 Re8 30. Rd1 Red8 31. Rxd7 Rxd7 32. e4 Rd3 33. e5 Bd8
34. Rc1 h5 35. Rc3 Rd1+ 36. Kg2 Kh7 37. Be3 Ba5 38. Rc4 Rd3 39. Bc1 Kg6 40. b4
Bb6 41. Rc3 Rd1 42. b3 Kf5 43. Be3 Bxe3 44. Rxe3 Rd2+ 45. Kh3 g5 46. fxg5 Rd4
47. b5 Kxg5 48. e6 fxe6 49. bxa6 bxa6 50. Re5+ Kf6 51. Rxh5 e5 52. Rh6+ Kf5 53.
g4+ Kg5 54. Rh5+ Kf6 55. Rf5+ Ke6 56. Kg3 Rb4 57. Rf3 e4 58. Rc3 Ke5 59. g5 Kd4
60. Rc4+ Rxc4 61. bxc4 e3 62. g6 Kd3 63. g7 e2 64. Kf2 Kd2 65. g8=Q e1=Q+ 66.
Kg2 Qe2+ 67. Kg3 Qe5+ 68. Kg4 Qe4+ 69. Kh5 Qe2+ 70. Kg6 Qg4+ 71. Kh7 Qh5+ 72.
Kg7 Qg4+ 73. Kf8 Qc8+ 74. Kg7 Qg4+ 75. Kf8 Qc8+ 1-0